000 01455cam a2200361 a 4500
001 EDZ0000104767
003 StDuBDS
005 20161031105156.0
006 m||||||||d||||||||
007 cr |||||||||||
008 121017s2010 cau fo| 001|0|eng|d
020 _a9781446269459 (ebook) :
_cNo price
040 _aStDuBDS
_beng
_cStDuBDS
_epn
049 _aAlfaisal Main Library
050 0 _aHV6080
_b.W43 2010
082 0 4 _a364.3
_223
100 1 _aWebber, Craig.
245 1 0 _aPsychology & crime
_h[electronic resource] /
_cCraig Webber.
260 _aLos Angeles, [Calif.] ;
_aLondon :
_bSAGE,
_c2010.
300 _a1 online resource (xi, 212 p.).
490 1 _aKey approaches to criminology
520 8 _aThis text provides a comprehensive overview that highlights the consequences of crime for victims, offenders and wider society. It combines classic theory with new developments in, for example, eyewitness testimony, offender profiling and forensic psychology.
521 _aSpecialized.
588 _aDescription based on print version record.
504 _aIncludes bibliographical references and index.
650 0 _aCriminal psychology.
655 7 _aElectronic books.
_2local
710 2 _aSage eBooks
776 0 8 _iPrint version :
_z9781412919425
830 0 _aKey approaches to criminology.
856 4 0 _uhttp://ezproxy.alfaisal.edu/login?url=http://sk.sagepub.com/books/psychology-and-crime
942 _2lcc
_cEBOOKS
999 _c480983
_d480983